000 00461nam a22001697a 4500
005 20251108171739.0
008 250721s1979 xx 000 0 ara d
082 1 4 _a958.104/فهم
100 1 _aهويدي، فهمي
245 1 0 _aحدث في أفغانستان /
264 1 _aبيروت :
_bدار الكلمة للنشر،
_c1979.
300 _a139ص
650 1 7 _aأفغانستان
650 1 7 _aالتاريخ
942 _2ddc
_cBK
999 _c61500
_d61500